| 000 | 00385nam a2200157Ia 4500 | ||
|---|---|---|---|
| 008 | 230917s9999||||xx |||||||||||||| ||und|| | ||
| 040 |
_e160338 _aMAIN |
||
| 041 | _aEnglish | ||
| 082 | _a647.94 P875I | ||
| 100 | _aPowers, Tom | ||
| 245 | 0 | _aIntroduction to the hospitality industry | |
| 250 | _a6th ed. | ||
| 260 |
_aHoboken _bJohn Wiley _c2006 |
||
| 300 | _a523 p. | ||
| 942 | _cBK | ||
| 999 |
_c135911 _d135911 |
||